MARC

LEADER 00000n m0a2200000 4500
001 316843
005 20231102002921.0
020 |a RU  |b 82-57226 
035 |a (RuTPU)RU\TPU\book\342311 
090 |a 316843 
100 |a 20160330d1982 m y0rusy5003 ca 
101 0 |a rus 
102 |a BY 
105 |a a j 001zy 
200 1 |a Основы надежности металлорежущих станков  |e учебное пособие для вузов  |f А. И. Кочергин 
205 |a 2-е изд., перераб. и доп. 
210 |a Минск  |c Вышэйшая школа  |d 1982 
215 |a 175 с.  |c ил.  |d 21 см. 
305 |a Загл. 1-го изд.: Основы надежности металлорежущих станков и измерительных приборов 
320 |a Библиогр.: с. 172-173 
606 1 |a Металлорежущие станки  |x Надежность  |x Долговечность  |2 stltpush  |3 (RuTPU)RU\TPU\subj\42601  |9 62260 
610 1 |a понятия 
610 1 |a автоматические линии 
610 1 |a отказы 
610 1 |a физика 
610 1 |a проектирование 
610 1 |a расчет 
610 1 |a сложные станочные системы 
610 1 |a моделирование 
610 1 |a испытание 
610 1 |a эксплуатация 
610 1 |a учебные пособия 
675 |a 621.9.06-192(075.8)  |z rus  |v 4 
700 1 |a Кочергин  |b А. И.  |g Анатолий Иванович  |4 070 
801 0 |a RU  |b RuMRKP  |c 19950704  |g psbo 
801 1 |a RU  |b 63413507  |c 20160330 
801 2 |a RU  |b 63413507  |c 20200716  |g RCR 
942 |c BK